000 00558nam a2200217 4500
005 20141021160831.0
007 000
008 000
020 _a0534492622
040 _aUOEL
050 _aQC23
_b.S4 2002
100 _aSerway, Raymond A.
245 _aPrinciples of physics :
_ca culculus - based text /
250 _a3rd ed.
260 _aAustralia ;
_bThomson learning ,
_cc2002.
300 _axxxi, 1206, 23 p. :
_bill. col.
500 _aIncludes index
650 _aPhysics - principles
_xPhysics
700 _aJewett, Jr. John W.
942 _2lcc
_cSL2
999 _c897
_d897